MDQL
is popping MORE tags! Check the
thread
!
Quizzes
Events
Quiz Creation
Community
Videos
Private Events
Remove Ads
Sign In
Join for FREE
Feedback
Dark Mode
Quiz Categories
Sports
Geography
Music
Movies
Television
Just For Fun
Miscellaneous
History
Literature
Language
Science
Gaming
Entertainment
Religion
Holiday
For Kids
Quiz Lab
Recent
Popular Today
Quiz Kudos Today
Editor Picks
Curator Picks
Quizzes by...
Day
Popularity
Type
Ratings
Length
Year
Community
Subscriptions
Recent Discussions
Orange Saloon
Badges
Playlists
Quests
Create
Leaderboards
Showdown
Live 5
Trivia Bingo
Activity
Puzzle Library
Sporcle Events
Private Events
Virtual Trivia
Globe League
Become a Host
Pub Owners
SporcleCon
Opinionation
Our Games
Videos
Blog
Mobile Apps
Partnerships
Remove Ads and Go Orange
Feedback
Sports
Athletes
MLB
NBA
NHL
NFL
Soccer
Sports Teams
WWE
NCAA
Football
Premier League
Basketball
Baseball
Hockey
Golf
Tennis
Cricket
Rugby
Auto Racing
Olympics
World Cup
Sports
Athletes
MLB
NBA
NHL
NFL
Soccer
Sports Teams
WWE
NCAA
Football
Premier League
Basketball
Baseball
Hockey
Golf
Tennis
Cricket
Rugby
Auto Racing
Olympics
World Cup
Random Quiz
Search Sporcle
×
Quiz Lab
Quiz Lab
Sports
NFL
Type in answers that appear in a list
Type in answers that appear in a list
Classic
Best Score? Go Orange.
NFL Teammates with 20 TD Passes & 10 Rushing TDs in a year Stats
Can you name the NFL Teammates with 20 TD Passes & 10 Rushing TD?
By
justjacq
13m
198 Questions
209 Plays
209 Plays
209 Plays
Comments
Comments
Give Quiz Kudos
Give Quiz Kudos
-
- Ratings
hide this ad
More Info
Replay
Link that replays current quiz
Next Quiz
Link to next quiz in quiz playlist
You Got
0%
They Got
Avg Score
75%
Avg Friend Score
Upgrade to see
Score Distribution
Jump to the score distribution portion of the page
Score
0/198
Timer
13:00
0
Plays Today
Team
Player
% Correct
Falcons
Matt Ryan
98.1%
Patriots
Tom Brady
98.1%
Browns
Frank Ryan
98.1%
Browns
Frank Ryan
98.1%
Browns
Frank Ryan
98.1%
Falcons
Matt Ryan
98.1%
Patriots
Tom Brady
98.1%
Patriots
Tom Brady
98.1%
Patriots
Tom Brady
98.1%
Giants
Eli Manning
97.6%
Colts
Peyton Manning
97.6%
Colts
Peyton Manning
97.6%
Colts
Peyton Manning
97.6%
Colts
Peyton Manning
97.6%
Colts
Peyton Manning
97.6%
Colts
Peyton Manning
97.6%
Chargers
Philip Rivers
96.7%
Chargers
Philip Rivers
96.7%
Chargers
Philip Rivers
96.7%
Chargers
Philip Rivers
96.7%
Chargers
Philip Rivers
96.7%
Packers
Ahman Green
96.2%
Packers
Ahman Green
96.2%
Chiefs
Trent Green
96.2%
Chiefs
Trent Green
96.2%
Chiefs
Trent Green
96.2%
Falcons
Michael Turner
95.7%
Texans
Matt Schaub
95.7%
Falcons
Michael Turner
95.7%
Colts
Edgerrin James
95.7%
Colts
Edgerrin James
95.7%
Colts
Edgerrin James
95.7%
Colts
Edgerrin James
95.7%
Chargers
LaDainian Tomlinson
95.7%
Chargers
LaDainian Tomlinson
95.7%
Chargers
LaDainian Tomlinson
95.7%
Chargers
LaDainian Tomlinson
95.7%
Chargers
LaDainian Tomlinson
95.7%
Chargers
LaDainian Tomlinson
95.7%
Texans
Arian Foster
95.2%
Rams
Kurt Warner
94.7%
Rams
Kurt Warner
94.7%
Cardinals
Kurt Warner
94.7%
Seahawks
Curt Warner
94.7%
Packers
Brett Favre
94.3%
Packers
Brett Favre
94.3%
Packers
Aaron Rodgers
94.3%
Vikings
Brett Favre
94.3%
Jets
Brett Favre
94.3%
Saints
Drew Brees
93.8%
Seahawks
Shaun Alexander
93.8%
Seahawks
Shaun Alexander
93.8%
Seahawks
Shaun Alexander
93.8%
Ravens
Joe Flacco
93.8%
Chargers
Drew Brees
93.8%
Chargers
Drew Brees
93.8%
Rams
Marshall Faulk
93.3%
Rams
Marshall Faulk
93.3%
Rams
Marshall Faulk
93.3%
Seahawks
Matt Hasselbeck
93.3%
Seahawks
Matt Hasselbeck
93.3%
Seahawks
Matt Hasselbeck
93.3%
Colts
Joseph Addai
93.3%
Colts
Joseph Addai
93.3%
Redskins
Stephen Davis
92.8%
Panthers
Stephen Davis
92.8%
Team
Player
% Correct
Vikings
Adrian Peterson
92.8%
Broncos
Terrell Davis
92.8%
Broncos
Terrell Davis
92.8%
Broncos
Terrell Davis
92.8%
Redskins
Brad Johnson
92.3%
Bengals
Rudi Johnson
92.3%
Bengals
Rudi Johnson
92.3%
Bengals
Pete Johnson
92.3%
Patriots
Corey Dillon
92.3%
Patriots
Corey Dillon
92.3%
Patriots
Corey Dillon
92.3%
Broncos
Charley Johnson
92.3%
Chiefs
Priest Holmes
91.9%
Chiefs
Priest Holmes
91.9%
Chiefs
Priest Holmes
91.9%
Rams
Steven Jackson
91.4%
Broncos
John Elway
91.4%
Broncos
John Elway
91.4%
Broncos
John Elway
91.4%
Cowboys
Marion Barber
90.9%
Colts
Bert Jones
90.9%
Jets
Thomas Jones
90.9%
Cowboys
Tony Romo
90.4%
Cowboys
Emmitt Smith
90.4%
Seahawks
Sherman Smith
90.4%
Panthers
Jake Delhomme
90%
Bengals
Carson Palmer
90%
Bengals
Carson Palmer
90%
Rams
Marc Bulger
89%
Rams
Marc Bulger
89%
Saints
Deuce McAllister
88.5%
Saints
Deuce McAllister
88.5%
Jaguars
Fred Taylor
88.5%
Jaguars
Fred Taylor
88.5%
Giants
Brandon Jacobs
87.6%
Redskins
Clinton Portis
87.6%
Bills
Drew Bledsoe
87.6%
Bills
Drew Bledsoe
87.6%
Patriots
Drew Bledsoe
87.6%
Redskins
Mark Brunell
87.1%
49ers
Steve Young
87.1%
49ers
Steve Young
87.1%
Packers
Ryan Grant
87.1%
Vikings
Jeff George
87.1%
Titans
Eddie George
87.1%
Jaguars
Mark Brunell
87.1%
Jaguars
Mark Brunell
87.1%
Titans
Steve McNair
86.1%
Ravens
Willis McGahee
85.6%
Bills
Willis McGahee
85.6%
Lions
Barry Sanders
84.2%
Bills
Thurman Thomas
83.7%
Browns
Leroy Kelly
82.8%
Browns
Leroy Kelly
82.8%
Bills
Jim Kelly
82.8%
Falcons
Jamal Anderson
82.3%
Bengals
Ken Anderson
82.3%
Saints
Aaron Brooks
81.8%
Chargers
Dan Fouts
80.9%
Chargers
Dan Fouts
80.9%
Chargers
Dan Fouts
80.9%
Chargers
Dan Fouts
80.9%
Patriots
BenJarvus Green-Ellis
80.4%
Cowboys
Troy Aikman
80.4%
Chargers
Clarence Williams
78.9%
Giants
Phil Simms
77.5%
Team
Player
% Correct
Giants
Phil Simms
77.5%
Dolphins
Dan Marino
77%
Rams
Eric Dickerson
76.6%
Steelers
Terry Bradshaw
74.2%
Browns
Jim Brown
72.2%
Redskins
Joe Theismann
71.8%
Redskins
Joe Theismann
71.8%
Falcons
Chris Chandler
71.8%
Bengals
Boomer Esiason
71.3%
Cardinals
Tim Hightower
70.8%
Redskins
John Riggins
69.4%
Redskins
John Riggins
69.4%
Bills
Travis Henry
68.9%
Patriots
Curtis Martin
68.4%
Chargers
Mike Tolbert
67.9%
Steelers
Franco Harris
64.6%
Jets
Joe Namath
63.6%
Redskins
Mark Rypien
62.7%
Cowboys
Danny White
61.7%
Cowboys
Danny White
61.7%
Vikings
Fran Tarkenton
61.7%
49ers
Ricky Watters
61.2%
Rams
Jim Everett
59.8%
Rams
Jim Everett
59.8%
Rams
Jim Everett
59.8%
Bills
O.J. Simpson
58.4%
Cowboys
Tony Dorsett
57.9%
Seahawks
Dave Krieg
55.5%
Lions
Scott Mitchell
52.6%
Giants
Joe Morris
47.8%
Giants
Joe Morris
47.8%
Bengals
Ickey Woods
46.9%
Redskins
Gerald Riggs
45.9%
Browns
Brian Sipe
45.5%
Seahawks
Jim Zorn
44.5%
Bears
Gale Sayers
44%
Falcons
Steve Bartkowski
39.7%
Bills
Joe Ferguson
34%
Bills
Joe Ferguson
34%
Bears
Erik Kramer
33%
Redskins
Jay Schroeder
31.1%
Rams
Vince Ferragamo
26.8%
Vikings
Chuck Foreman
26.3%
Broncos
Floyd Little
25.8%
Chargers
Chuck Muncie
25.4%
Chargers
Chuck Muncie
25.4%
Rams
Greg Bell
23.9%
Rams
Greg Bell
23.9%
Texans
Len Dawson
23.4%
Redskins
George Rogers
21.1%
Falcons
William Andrews
20.6%
Bears
Rashaan Salaam
20.6%
Browns
Mike Pruitt
19.1%
Patriots
Jim Nance
19.1%
Patriots
Babe Parilli
17.7%
Bills
Joe Cribbs
16.7%
Jets
Emerson Boozer
16.7%
Rams
Cleveland Gary
13.9%
Colts
Curtis Dickey
9.1%
Vikings
Leroy Hoard
8.1%
Cowboys
Ron Springs
5.7%
Texans
Abner Haynes
5.7%
49ers
Derek Loville
4.3%
Bears
Rudy Bukich
3.8%
Dolphins
Ron Davenport
2.4%
Chargers
Tim Spencer
1.4%
Quiz Playlist
Details
Report
Send in Message
Add To Playlist
More Info:
You are guessing the team mates that have had at least20 td passes and 10 rushing tds in a year. 1960 - 2010. 1960-70 AFL & NFL Stats
Classic:
Type in answers that appear in a list
Quiz Source
Last Updated: Feb 16, 2017
Quiz Scoreboard
CHALLENGE
Sign Up to Join the Scoreboard
Show All
Scores
Hide
Comments
May contain spoilers
Recently Published
Image Sorting: Flags VI
by Barbecue
Geography
2m
Find the 'City' Movie
by crazypaving
Movies
60s
Colored Red Africa Blitz
by spor1
Geography
45s
More to Explore
Quiz From the Vault
Featured Blog Post
14 Easter Pick-up Lines to Find Eggs With
hide this ad
You Might Also Like...
Tags
Football Quiz
NFL Quiz
Today's Top Quizzes in Sports
Browse Sports
hide this ad
Today's Top Quizzes in NFL
Browse NFL
Top Contributed Quizzes in Sports
1
Les meilleurs buteurs des matchs entre le PSG et l’OM
2
Les entraîneurs de l'OM et du PSG au 21e siècle
3
Les joueurs passés par le PSG et l'OM
4
2022 World Cup Stars
5
Players with Multiple 50 Home Run Seasons
6
Criteria MLB: Left Handed Sluggers
7
MLB Players with Two .350 Batting Average Seasons
8
Les joueurs passés par le LOSC et le RC Lens
9
NBA Logic Puzzle 2.0
10
Top 10 NHL Goal Scorers of All Time
Explore More
Trending Topics
Anime
Kpop
Disney
Crossword
Harry Potter
Marvel
NBA
The Office
Country
Puzzle
Pokémon
NFL
Song
WWE
Soccer
hide this ad
More By:
justjacq
Quiz
Plays
Rating
Category
Featured
Created
NFL QBs with 35+ TDs in a Season
129,604
4.42
Sports
Aug 2, 2011
NFL Most QB Starts per Decade
53,830
4.66
Sports
Jul 28, 2011
NFL - Last 5 QBs to Start for Each Team
18,604
4.45
Sports
Aug 4, 2011
Top 3 heisman trophy finalists 1980-2010
9,443
4.63
Sports
Oct 14, 2011
top 10 NFL All Time QB Rushing Leaders
4,580
4.06
Sports
Jan 27, 2011
Go to Creator's Profile
Score Distribution
Quiz Creator Spotlight
justjacq
Follow
Send a Message
Quizzes Created
-
Created Quiz Play Count
-
More By This Creator
Popular Quizzes Today
1
Colored Red Africa Blitz
2
Find the US States - No Outlines Minefield
3
Find the 'City' Movie
4
5x2 Blitz: Bands
5
The Countries of the World
6
Find the US States
7
Find the Countries of Europe - No Outlines Minefield
8
US States
More Sports Quizzes
2021 NBA Finals Stat Leaders
Quiz Lab
Trending Quizzes
Colored Red Europe Blitz I
Colored Red Europe Blitz II
Colored Red Africa Blitz II
Colored Red Europe Blitz III
Colored Red Africa Blitz III
Recently Updated
How Do You Spell That?
pecheneg
Godzilla Movies
pecheneg
Grab Bag: 4-10 Letters
pecheneg
2024 March Madness Bracket
pecheneg
Famous TV Couples
Peacemaker
Champions League XIs: Real Madrid
pecheneg
Largest US Cities 1790-2010
pecheneg
Rides in Walt Disney World
pecheneg
Most Oscar Losses (Acting)
pecheneg
Beyoncé Albums
pecheneg
Trending Topics
Disney
Harry Potter
Crossword
Anime
NBA
Marvel
Kpop
Country
WWE
Soccer
Pokémon
Puzzle
Song
The Office
NFL
Your Account Isn't Verified!
In order to create a playlist on Sporcle, you need to verify the email address you used during registration. Go to your
Sporcle Settings
to finish the process.
Report this User
Report this user for behavior that violates our
Community Guidelines
.
Details:
Send Report
Go to the Sporcle.com Mobile Site →
Comments